Statistiques concernant Les pays les plus dangereux

Cliquez ici pour prendre le quiz!

Statistiques générales

  • Ce quiz a été pris 249 fois
  • Le résultat moyen est 4 sur 15

Statistiques - réponses

Taux pour
100 000
habitant
Réponse% Correct
25,2Mexique
82%
25,5Colombie
70%
40,4venezuela
51%
46,6afrique du sud
37%
35,8Honduras
30%
52,9jamaique
22%
25,1Belize
13%
21,1Dominique
8%
41,3lesotho
8%
32,1Bahamas
6%
39,1Sainte-Lucie
6%
39,4Trinité-et-Tobago
6%
33,8Eswatini
5%
34,2Saint-Christophe-et-Niévès
5%
30,7Saint-Vincent-et-les-Grenadines
5%

Distribution des résultats

Percentile par nombre de réponses

% des personnes avec chaque résultat

Votre développement - résultats

Vous n’avez pas pris ce quiz